| 000 | nam a22 7a 4500 | ||
|---|---|---|---|
| 999 |
_c128937 _d128937 |
||
| 008 | 190208b xxu||||| |||| 00| 0 eng d | ||
| 050 | _aSPC. N5790.V3 S964 | ||
| 100 |
_aSuss, Emanuele _944492 |
||
| 245 |
_aRock carvings in the valcamonica _cEmmanuele, Suss |
||
| 260 |
_aMilan _bEdizioni Del Milione _c1954 |
||
| 300 |
_axxxvii, 62p. ; _c23cm. |
||
| 650 |
_aRock art _zValcamonica, Italy _944493 |
||
| 651 |
_aValcamonica (Italy) _xAntiquities _944494 |
||
| 700 |
_aSuesse, Emanael _944495 |
||
| 700 |
_aKrasnik, Lucia (tr.) _944496 |
||
| 942 |
_2lcc _cMONOGRAPH |
||